000 00525nam a2200157 a 4500
001 000026347
005 20200930024521.0
008 110314s1980 dr 000 0 spa d
040 _aDO-SdBNP
_bspa
_cBNPHU
082 _axxx
_bB213s
110 1 _aBanco de Reservas de la República Dominicana
_bSecretaría General
_953374
245 0 0 _aCatálogo bibliográfico /
_cCompiladoras Bernardina Torres y Carmen A. Velázquez.
260 _aSanto Domingo :
_bBanco de Reservas,
_c1980.
300 _a221 p. ;
_c29 cm.
049 _aBNPD
999 _c25839
_d25839